[Event "9th Asian Continental w"]
[Site "Olongapo City PHI"]
[Date "2010.04.23"]
[Round "3"]
[White "Pham Le Thao Nguyen"]
[Black "Wang Jue"]
[Result "1/2-1/2"]
[WhiteElo "2338"]
[BlackElo "2180"]
[EventDate "2010.04.21"]

1. Nf3 Nf6 2. c4 g6 3. g3 Bg7 4. Bg2 O-O 5. O-O d6 6. Nc3 Nc6 7. Rb1 Bf5 8.
d3 a5 9. a3 Qd7 10. b4 axb4 11. axb4 Bh3 12. b5 Na5 13. Bd2 Bxg2 14. Kxg2
d5 15. c5 d4 16. Na4 Qd5 17. c6 bxc6 18. b6 Nd7 19. bxc7 Be5 20. Qc2 Bxc7
21. Rfc1 Bd6 22. Bxa5 Qxa5 23. Nb2 c5 24. Nc4 Qc7 25. h4 h5 26. Qd2 Kg7 27.
Rb2 Rfb8 28. Rbc2 Qb7 29. Qg5 Nf6 30. Kg1 Qd5 31. Qd2 Qf5 32. Ng5 Qg4 33.
e4 dxe3 34. Qxe3 Nd5 35. Qe4 Qxe4 36. dxe4 Nb6 37. Nxd6 exd6 38. e5 c4 39.
exd6 Rd8 40. Ne4 Rac8 41. Nd2 Rxd6 42. Nxc4 Rdc6 43. Ne3 Rxc2 44. Rxc2 Rxc2
45. Nxc2 Kf6 46. Kg2 Ke5 47. Kf3 Nc4 48. Nb4 Kf5 49. Nd5 Ne5+ 50. Ke3 Ng4+
51. Kf3 Ke5 52. Nf4 Kd4 53. Ke2 Ne5 54. Nh3 f6 55. f3 Nd3 56. Kd2 Ne5 57.
Ke2 Nd3 58. Kd2 Ne5 1/2-1/2

[Event "9th Asian Continental w"]
[Site "Olongapo City PHI"]
[Date "2010.04.23"]
[Round "3"]
[White "Hoang Thi Bao Tram"]
[Black "Nguyen Thi Thanh An"]
[Result "1/2-1/2"]
[WhiteElo "2318"]
[BlackElo "2309"]
[EventDate "2010.04.21"]

1. d4 Nf6 2. Nf3 g6 3. Bg5 Bg7 4. Nbd2 O-O 5. c3 d6 6. e4 c5 7. dxc5 dxc5
8. Be2 Nc6 9. O-O Be6 10. Qc2 Qc7 11. h3 h6 12. Be3 b6 13. Nh2 Rad8 14. f4
Bc8 15. Rad1 e6 16. Bf2 Bb7 17. Bh4 Ne7 18. Ng4 Nxg4 19. hxg4 g5 20. fxg5
Ng6 21. gxh6 Nxh4 22. hxg7 Kxg7 23. Nf3 Qg3 24. Nxh4 Qxh4 25. Bf3 Rh8 26.
Rxd8 Qh2+ 27. Kf2 Qh4+ 28. g3 Qxd8 29. Rh1 Rxh1 30. Bxh1 Qf6+ 31. Bf3 Qh6
32. Bg2 Qf6+ 33. Kg1 Qg5 34. Qe2 e5 35. Bf3 Bc8 36. Qd1 Be6 37. a3 Qe3+ 38.
Kg2 Bc4 39. Qg1 Qxg1+ 40. Kxg1 Kg6 41. Kg2 Kg5 42. Kh3 Bf1+ 43. Kh2 Bc4 44.
Kh3 Bf1+ 45. Kh2 Bc4 46. Kh3 Bf1+ 1/2-1/2

[Event "9th Asian Continental w"]
[Site "Olongapo City PHI"]
[Date "2010.04.23"]
[Round "3"]
[White "Tan Zhongyi"]
[Black "Hakimifard,G"]
[Result "1-0"]
[WhiteElo "2464"]
[BlackElo "2151"]
[EventDate "2010.04.21"]

1. Nf3 d5 2. d4 Nf6 3. c4 dxc4 4. e3 Bg4 5. Bxc4 e6 6. Qb3 Bxf3 7. gxf3
Nbd7 8. Qxb7 c5 9. dxc5 Rb8 10. Qxa7 Bxc5 11. Qa4 O-O 12. Nd2 Ne5 13. a3
Qb6 14. O-O Rfd8 15. Be2 Bxe3 16. fxe3 Qxe3+ 17. Rf2 Rxd2 18. Bxd2 Qxd2 19.
Rd1 Qxb2 20. Qd4 Nd5 21. Qxb2 Rxb2 22. f4 Ng6 23. Bc4 Rb8 24. Bxd5 exd5 25.
Rxd5 Kf8 26. a4 Ke7 27. f5 Nh4 28. a5 Rb1+ 29. Rf1 Rb2 30. Rd4 g5 31. fxg6
Nxg6 32. Re4+ Kd6 33. Rxf7 Ra2 34. Rf5 1-0

[Event "9th Asian Continental w"]
[Site "Olongapo City PHI"]
[Date "2010.04.23"]
[Round "3"]
[White "Lkhamsuren,U"]
[Black "Sachdev,T"]
[Result "1/2-1/2"]
[WhiteElo "2115"]
[BlackElo "2393"]
[EventDate "2010.04.21"]

1. e4 e5 2. Nf3 Nc6 3. Bb5 f5 4. Nc3 fxe4 5. Nxe4 Nf6 6. Nxf6+ Qxf6 7. Qe2
Be7 8. O-O O-O 9. Bxc6 dxc6 10. d4 Bg4 11. dxe5 Qg6 12. Qc4+ Kh8 13. Ne1
Rad8 14. f3 Bf5 15. Be3 Rd5 16. f4 Rfd8 17. Qe2 Bg4 18. Nf3 Qe4 19. Rae1
Bh4 20. g3 Be7 21. Rf2 Qf5 22. Rc1 Qh5 23. Rcf1 Bh3 24. Re1 1/2-1/2

[Event "9th Asian Continental w"]
[Site "Olongapo City PHI"]
[Date "2010.04.23"]
[Round "3"]
[White "Pourkashiyan,A"]
[Black "Xu Huahua"]
[Result "1-0"]
[WhiteElo "2292"]
[BlackElo "2082"]
[EventDate "2010.04.21"]

1. e4 c5 2. Nf3 Nc6 3. d4 cxd4 4. Nxd4 Nf6 5. Nc3 e5 6. Ndb5 d6 7. Bg5 a6
8. Na3 b5 9. Nd5 Be7 10. Bxf6 Bxf6 11. c4 b4 12. Nc2 Rb8 13. b3 Bg5 14. Be2
O-O 15. O-O a5 16. Qd3 Ne7 17. Rad1 Nxd5 18. Qxd5 Be7 19. Ne3 Bb7 20. Qd3
g6 21. g3 Qb6 22. h4 Rbd8 23. Rd2 Bc6 24. Bg4 Qb7 25. f3 h5 26. Bh3 Bd7 27.
Bxd7 Rxd7 28. Nd5 Qa7+ 29. Kg2 Bd8 30. f4 f6 31. Qf3 Rg7 32. f5 Qf7 33.
fxg6 Qxg6 34. Ne3 f5 35. Nxf5 Bxh4 36. Rxd6 Qxd6 37. Nxd6 Rxf3 38. Rxf3 Bg5
39. Rd3 Rc7 40. Rd5 Rd7 41. Rxe5 Be7 42. c5 Bxd6 43. Rd5 1-0

[Event "9th Asian Continental w"]
[Site "Olongapo City PHI"]
[Date "2010.04.23"]
[Round "3"]
[White "Kiran,M"]
[Black "Mendoza,B"]
[Result "1-0"]
[WhiteElo "2259"]
[BlackElo "2078"]
[EventDate "2010.04.21"]

1. e4 e5 2. Nf3 Nc6 3. Bb5 Nf6 4. O-O Nxe4 5. d4 Nd6 6. Bxc6 dxc6 7. dxe5
Nf5 8. Qxd8+ Kxd8 9. Nc3 Ke8 10. h3 Be7 11. Rd1 Be6 12. Bg5 Bxg5 13. Nxg5
Ke7 14. Nxe6 fxe6 15. Ne4 Rad8 16. Rxd8 Rxd8 17. Re1 Rd5 18. f4 Rb5 19. b3
Ra5 20. a4 Nd4 21. c4 Nxb3 22. Rb1 Nc5 23. Nxc5 Rxc5 24. Rxb7 Kd7 25. Rxa7
Rxc4 26. g3 c5 27. Kf2 Kc6 28. a5 g6 29. a6 Ra4 30. Ra8 Kd5 31. a7 Ke4 32.
Ke2 Ra2+ 33. Kd1 h5 34. g4 hxg4 35. hxg4 Ra6 36. f5 gxf5 37. gxf5 exf5 38.
e6 Rd6+ 39. Ke2 Rxe6 40. Rd8 Ra6 41. a8=Q+ Rxa8 42. Rxa8 c4 43. Ra7 c5 44.
Ra3 Kd4 45. Kd2 f4 46. Rf3 Ke5 47. Rh3 Kd4 48. Ra3 Ke4 49. Ra8 Kd4 50. Rd8+
Ke4 51. Re8+ Kd4 52. Rf8 c3+ 53. Ke2 Ke4 54. Re8+ Kd4 55. Rd8+ Ke4 56. Rd3
c2 57. Rc3 f3+ 58. Kf2 Kd4 59. Rxc2 c4 60. Kxf3 Kd3 61. Rc1 c3 62. Rd1+ Kc4
63. Ke2 Kb3 64. Rc1 Kb2 65. Kd1 Kb3 66. Rc2 Kc4 67. Rh2 Kb3 68. Kc1 1-0

[Event "9th Asian Continental w"]
[Site "Olongapo City PHI"]
[Date "2010.04.23"]
[Round "3"]
[White "Meenakshi,Sub"]
[Black "Hoang Thi Nhu Y"]
[Result "1-0"]
[WhiteElo "2348"]
[BlackElo "2200"]
[EventDate "2010.04.21"]

1. c4 Nf6 2. Nf3 e6 3. e3 b6 4. d4 Bb7 5. Bd3 c5 6. b3 Be7 7. Bb2 Nc6 8.
Nc3 cxd4 9. exd4 O-O 10. O-O Nb4 11. Bb1 d5 12. Ne5 dxc4 13. bxc4 Rc8 14.
f4 Nc6 15. Ne2 Na5 16. Bd3 Nd7 17. Rc1 Nxe5 18. fxe5 Bg5 19. Nf4 Qe7 20.
Qg4 Bh6 21. Rc2 Rc7 22. Bc1 f5 23. exf6 Rxf6 24. Re1 Rf7 25. Nxe6 Bxc1 26.
Rcxc1 Bc8 27. Qh5 g6 28. Bxg6 hxg6 29. Qxg6+ Kh8 30. Nxc7 1-0

[Event "9th Asian Continental w"]
[Site "Olongapo City PHI"]
[Date "2010.04.23"]
[Round "3"]
[White "Dewi,A"]
[Black "Muminova,N"]
[Result "1-0"]
[WhiteElo "1945"]
[BlackElo "2338"]
[EventDate "2010.04.21"]

1. e4 e6 2. d4 d5 3. Nd2 Nf6 4. e5 Nfd7 5. c3 c5 6. Bd3 Nc6 7. Ne2 cxd4 8.
cxd4 f6 9. exf6 Nxf6 10. Nf3 Bd6 11. O-O Qc7 12. Bg5 O-O 13. Bh4 Bd7 14.
Bg3 e5 15. dxe5 Nxe5 16. Nxe5 Bxe5 17. Rc1 Qd6 18. Qb3 Bxg3 19. hxg3 Ng4
20. f3 Nf6 21. Nf4 Bc6 22. Rfd1 Kh8 23. Qc3 Rae8 24. Qd4 Re5 25. Qxa7 g5
26. Ne2 Rfe8 27. Nd4 g4 28. Qc5 Qb8 29. f4 R5e7 30. Nf5 Re6 31. Qd4 Qa8 32.
Nh6 Qa4 33. Qxa4 Bxa4 34. b3 Bc6 35. Nf7+ Kg7 36. Ne5 Ra8 37. a4 Rf8 38.
Bf5 Rd6 39. Bxg4 Nxg4 40. Nxg4 Rg6 41. Ne5 Rxg3 42. Nxc6 bxc6 43. Rxc6 Rxb3
44. Rc7+ Rf7 45. Rxf7+ Kxf7 46. Rxd5 Rb4 47. Rd7+ Kg6 48. a5 Ra4 49. f5+
Kxf5 50. Rxh7 Kg4 51. Rg7+ Kf4 52. g3+ Kf5 53. Rf7+ Kg5 54. Ra7 Kg4 55. Kf2
Ra2+ 56. Ke3 Kxg3 57. a6 Ra3+ 58. Ke4 Ra5 59. Ra8 Kf2 60. a7 Ke2 61. Kd4
Kd2 62. Kc4 Kc2 63. Kb4 1-0

[Event "9th Asian Continental w"]
[Site "Olongapo City PHI"]
[Date "2010.04.23"]
[Round "3"]
[White "Salvador,A"]
[Black "Bernales,C"]
[Result "1/2-1/2"]
[WhiteElo "2058"]
[BlackElo "2043"]
[EventDate "2010.04.21"]

1. e4 e6 2. d4 d5 3. exd5 exd5 4. Bd3 Bd6 5. Qf3 Nc6 6. c3 Be6 7. Ne2 Qd7
8. h3 O-O-O 9. b4 h6 10. Na3 g5 11. Nb5 Be7 12. g4 Nf6 13. Ng3 Kb8 14. a4
Rde8 15. Be3 h5 16. gxh5 Bxh3 17. Bf5 Bxf5 18. Qxf5 Qxf5 19. Nxf5 a6 20.
Na3 Rxh5 21. Rxh5 Nxh5 22. Kd2 Nf6 23. f3 g4 24. Nxe7 Nxe7 25. Bg5 Neg8 26.
Bxf6 Nxf6 27. fxg4 Rg8 28. Rg1 Ne4+ 29. Kd3 f5 30. g5 Rxg5 31. Rxg5 Nxg5
32. Ke3 Ne4 33. Nb1 c6 34. Kf4 Nd6 35. Nd2 Kc7 36. Ke5 Kd7 37. Nb3 Nc4+ 38.
Kxf5 Ne3+ 39. Ke5 Nd1 40. Nc5+ Kc7 41. Ne6+ Kb6 42. a5+ Kb5 43. Nd8 Nxc3
44. Nxb7 Na2 45. Kd6 Nxb4 46. Nd8 c5 47. dxc5 d4 48. c6 d3 49. c7 d2 50.
c8=Q d1=Q 51. Ke7 Qe2+ 52. Qe6 Qxe6+ 53. Nxe6 Kxa5 54. Nc5 1/2-1/2

[Event "9th Asian Continental w"]
[Site "Olongapo City PHI"]
[Date "2010.04.23"]
[Round "3"]
[White "Suede,M"]
[Black "Al Zarouni,K"]
[Result "1-0"]
[WhiteElo "1949"]
[BlackElo "1868"]
[EventDate "2010.04.21"]

1. e4 e5 2. Nc3 Nf6 3. Bc4 Bb4 4. d3 c6 5. Nf3 d5 6. exd5 cxd5 7. Bb5+ Bd7
8. Bxd7+ Nbxd7 9. Bd2 O-O 10. O-O a6 11. Ne2 Bxd2 12. Qxd2 Qc7 13. c3 Rad8
14. d4 e4 15. Nh4 g6 16. g3 b5 17. Qg5 Qc6 18. Nf5 Kh8 19. Ne3 Nb6 20. Rfc1
a5 21. b3 a4 22. Nc2 axb3 23. axb3 Ra8 24. Nb4 Qd6 25. Qd2 Rfe8 26. Rxa8
Rxa8 27. Qb2 Ng4 28. h3 Nxf2 29. Kxf2 Qf6+ 30. Kg1 Qf3 31. Rf1 Qe3+ 32. Rf2
f5 33. Qc1 Qxc1+ 34. Nxc1 e3 35. Re2 Ra1 36. Nbd3 1-0

[Event "9th Asian Continental w"]
[Site "Olongapo City PHI"]
[Date "2010.04.24"]
[Round "4"]
[White "Wang Yu A"]
[Black "Ding Yixin"]
[Result "1/2-1/2"]
[WhiteElo "2335"]
[BlackElo "2315"]
[EventDate "2010.04.21"]

1. e4 c5 2. Nf3 d6 3. d4 cxd4 4. Nxd4 Nf6 5. Nc3 a6 6. Be3 e5 7. Nb3 Be7 8.
Qd2 O-O 9. O-O-O a5 10. a4 Nc6 11. f4 Nb4 12. fxe5 dxe5 13. Qxd8 Rxd8 14.
Rxd8+ Bxd8 15. Be2 Bd7 16. Rd1 Bc6 17. Bf3 Rc8 18. Kb1 h6 19. Bc5 Bc7 20.
Be7 Bb6 21. h4 Re8 22. Bxf6 gxf6 23. Bg4 Rd8 24. Rxd8+ Bxd8 25. h5 Bb6 26.
Bf5 Na6 27. Nb5 Nc5 28. Nxc5 Bxc5 29. c3 Bxb5 30. axb5 b6 1/2-1/2

[Event "9th Asian Continental w"]
[Site "Olongapo City PHI"]
[Date "2010.04.24"]
[Round "4"]
[White "Nguyen Thi Thanh An"]
[Black "Ju Wenjun"]
[Result "1/2-1/2"]
[WhiteElo "2309"]
[BlackElo "2500"]
[EventDate "2010.04.21"]

1. Nf3 Nf6 2. c4 g6 3. g3 Bg7 4. Bg2 O-O 5. O-O d6 6. Nc3 e5 7. d3 Nc6 8.
Rb1 a5 9. a3 Bf5 10. Bg5 Qd7 11. Bxf6 Bxf6 12. b4 axb4 13. axb4 Ne7 14. Nd2
c6 15. Nce4 Bg7 16. Ra1 Qc7 17. c5 d5 18. Nd6 Bg4 19. Rxa8 Rxa8 20. h3 Be6
21. Qc2 Nc8 22. Ne8 Qd7 23. Nxg7 Kxg7 24. Kh2 Ne7 25. Qb2 d4 26. Ra1 Rxa1
27. Qxa1 Bd5 28. Qa8 f6 29. Bxd5 Nxd5 30. Ne4 Nc3 31. Nd6 Nxe2 32. Ne8+ Kf7
33. Nd6+ Kg7 34. Ne8+ Kf7 35. Nd6+ Kg7 1/2-1/2

[Event "9th Asian Continental w"]
[Site "Olongapo City PHI"]
[Date "2010.04.24"]
[Round "4"]
[White "Tan Zhongyi"]
[Black "Sukandar,I"]
[Result "0-1"]
[WhiteElo "2464"]
[BlackElo "2316"]
[EventDate "2010.04.21"]

1. d4 Nf6 2. Nf3 e6 3. g3 b6 4. Bg2 Bb7 5. c4 Bb4+ 6. Nbd2 O-O 7. O-O Bxd2
8. Bxd2 d6 9. b4 Nbd7 10. Qb3 Qe7 11. Rfd1 c5 12. a4 Rac8 13. dxc5 dxc5 14.
b5 a5 15. Bg5 Rfd8 16. Qb2 h6 17. Bxf6 Qxf6 18. Qxf6 gxf6 19. Ne1 Bxg2 20.
Nxg2 Ne5 21. Ne3 Rd4 22. Rdc1 f5 23. h3 Kf8 24. f4 Nd7 25. Ra3 Nf6 26. Kg2
Ke7 27. Kf3 h5 28. Rd3 Ne4 29. Rcd1 Rg8 30. g4 hxg4+ 31. hxg4 fxg4+ 32.
Nxg4 Rxg4 33. Kxg4 Nf2+ 0-1

[Event "9th Asian Continental w"]
[Site "Olongapo City PHI"]
[Date "2010.04.24"]
[Round "4"]
[White "Pourkashiyan,A"]
[Black "Pham Le Thao Nguyen"]
[Result "1-0"]
[WhiteElo "2292"]
[BlackElo "2338"]
[EventDate "2010.04.21"]

1. e4 Nf6 2. e5 Nd5 3. d4 d6 4. Nf3 g6 5. Bc4 Nb6 6. Bb3 Bg7 7. O-O Nc6 8.
Qe2 O-O 9. c3 a5 10. e6 d5 11. Ng5 fxe6 12. Nxe6 Bxe6 13. Qxe6+ Kh8 14. Nd2
Rf6 15. Qe2 Qd7 16. Nf3 Raf8 17. Bg5 Re6 18. Qd3 a4 19. Bc2 Nc4 20. b3 axb3
21. axb3 Nd6 22. Nd2 Nf5 23. Qh3 Kg8 24. Nf3 Qc8 25. Bd3 Nd6 26. Ra8 Qd7
27. Rxf8+ Bxf8 28. c4 Nb4 29. Bd2 Nxd3 30. Ng5 h6 31. Nxe6 dxc4 32. Qg4 Qe8
33. bxc4 Nxc4 34. Bc3 Qf7 35. Nxc7 h5 36. Qe6 Nf4 37. Qxf7+ Kxf7 38. Re1 e6
39. g3 Nd5 40. Nb5 Ke7 41. Rc1 Kd7 42. Be1 Nd6 43. Nxd6 Bxd6 44. Kf1 Ba3
45. Ra1 Bb2 46. Rb1 Bxd4 47. Rxb7+ Kd6 48. Ke2 Bf6 49. h4 Ke5 50. Bd2 Be7
51. Rb8 Kf5 52. Rc8 Nb6 53. Re8 Nd5 54. Bh6 Ke5 55. Bf8 Bf6 56. Ba3 Kf5 57.
Rf8 Kg4 58. Bd6 g5 59. hxg5 Kxg5 60. Rg8+ Kf5 61. Kf3 Nc3 62. Bc7 Nd5 63.
Bd8 Bxd8 64. Rxd8 Nf6 65. Rh8 Kg5 66. Kg2 Kg6 67. Ra8 Kf5 68. Ra5+ Nd5 69.
Kh3 Kg5 70. Rc5 Kg6 71. Kh4 Nf6 72. Re5 Kf7 73. f4 Nd7 74. Rxh5 Nf6 75. Ra5
Kg6 76. g4 Ne8 77. Ra6 1-0

[Event "9th Asian Continental w"]
[Site "Olongapo City PHI"]
[Date "2010.04.24"]
[Round "4"]
[White "Kiran,M"]
[Black "Hoang Thi Bao Tram"]
[Result "1-0"]
[WhiteElo "2259"]
[BlackElo "2318"]
[EventDate "2010.04.21"]

1. e4 c6 2. d4 d5 3. e5 g6 4. c4 Nh6 5. Nc3 dxc4 6. Bxc4 Bg7 7. h3 O-O 8.
Nf3 Nd7 9. O-O Nb6 10. Bb3 Nd5 11. Bxd5 cxd5 12. Qb3 e6 13. Bg5 Qd7 14.
Rac1 b6 15. Rfe1 Ba6 16. Qa3 Qb7 17. Qa4 Rfc8 18. Nb5 Bxb5 19. Qxb5 Nf5 20.
g4 Ne7 21. Qb4 Nc6 22. Qd2 Bf8 23. Bh6 Qe7 24. Bg5 Qb4 25. Rc3 Na5 26. Rec1
Nc4 27. Qe2 Re8 28. b3 Na3 29. Qd3 Qa5 30. Rc6 b5 31. Kg2 b4 32. R6c5 Bxc5
33. Rxc5 Qb6 34. Qe3 h6 35. Bf6 Kh7 36. Ng5+ Kg8 37. Nxf7 Kxf7 38. Qxh6 1-0

[Event "9th Asian Continental w"]
[Site "Olongapo City PHI"]
[Date "2010.04.24"]
[Round "4"]
[White "Dewi,A"]
[Black "Wang Jue"]
[Result "1/2-1/2"]
[WhiteElo "1945"]
[BlackElo "2180"]
[EventDate "2010.04.21"]

1. e4 c5 2. Nf3 d6 3. d4 cxd4 4. Nxd4 Nf6 5. Nc3 a6 6. Be3 Ng4 7. Bc1 Nf6
8. Be3 Ng4 9. Bc1 Nc6 10. Be2 Nf6 11. Be3 g6 12. f3 Bg7 13. Qd2 O-O 14.
O-O-O d5 15. exd5 Nxd5 16. Nxc6 bxc6 17. Nxd5 cxd5 18. Qxd5 Qc7 19. Qc5 Qb8
20. Qb6 Qxb6 21. Bxb6 Bxb2+ 22. Kxb2 Rb8 23. Rd3 Rxb6+ 24. Rb3 Rc6 25. Rc3
Re6 26. Bc4 Rb6+ 27. Kc1 Bf5 28. Bb3 h5 29. Rc7 e6 30. Rd1 Kg7 31. h4 Kf6
32. Rdd7 a5 33. Kd2 Rb4 34. Rc4 Rfb8 35. Rdd4 e5 36. Rxb4 axb4 37. Rc4 Rb6
38. c3 bxc3+ 39. Rxc3 e4 40. f4 Be6 41. Ke3 Bxb3 42. Rxb3 Ra6 43. Kxe4 Rxa2
44. g3 Re2+ 45. Kf3 Re6 46. Rb5 Ra6 47. Rb3 Rc6 48. Re3 Rc1 49. Rb3 Rc5 50.
Ke4 Ra5 51. Rc3 Ra4+ 52. Kf3 Kg7 53. Rb3 Ra1 54. Rc3 Re1 55. Rb3 Kf6 56.
Rb6+ Re6 57. Rb3 Ra6 58. Re3 Ra5 59. Ke4 Ke6 60. Kf3+ Kf5 61. Rc3 Rd5 62.
Rb3 f6 63. Rc3 g5 64. hxg5 fxg5 65. fxg5 Kxg5 66. Rb3 Ra5 67. Rc3 Kf5 68.
Rb3 Re5 1/2-1/2

[Event "9th Asian Continental w"]
[Site "Olongapo City PHI"]
[Date "2010.04.24"]
[Round "4"]
[White "Sachdev,T"]
[Black "Meenakshi,Sub"]
[Result "1-0"]
[WhiteElo "2393"]
[BlackElo "2348"]
[EventDate "2010.04.21"]

1. d4 Nf6 2. c4 c5 3. d5 b5 4. Qc2 bxc4 5. e4 d6 6. Bxc4 g6 7. h3 Bg7 8.
Nf3 O-O 9. Nc3 Nbd7 10. O-O Nb6 11. Be2 Ne8 12. Bf4 Nc7 13. Rad1 Bb7 14.
Qc1 Qc8 15. Bh6 Ba6 16. Rfe1 f6 17. Bf4 Rb8 18. b3 Bxe2 19. Rxe2 Qa6 20.
Rc2 Nb5 21. Nxb5 Qxb5 22. Nd2 Rb7 23. Nc4 Qa6 24. Ne3 Rc8 25. Rdd2 Qb5 26.
Nc4 Qa6 27. Qd1 Nxc4 28. Rxc4 Rb4 29. Rdc2 Rxc4 30. Rxc4 Rf8 31. Ra4 Qb7
32. Qe2 f5 33. e5 Qxd5 34. exd6 e5 35. Bg5 Qxd6 36. Rxa7 Qd5 37. Qb5 e4 38.
Bf4 Rd8 39. Qb6 Bd4 40. Qc7 e3 41. Qxh7+ Kf8 42. Bh6+ 1-0

[Event "9th Asian Continental w"]
[Site "Olongapo City PHI"]
[Date "2010.04.24"]
[Round "4"]
[White "Hakimifard,G"]
[Black "Lkhamsuren,U"]
[Result "1/2-1/2"]
[WhiteElo "2151"]
[BlackElo "2115"]
[EventDate "2010.04.21"]

1. e4 e6 2. d4 d5 3. exd5 exd5 4. c4 Nc6 5. Nf3 Bg4 6. Be3 Nf6 7. Nc3 Be7
8. cxd5 Nxd5 9. Be2 O-O 10. O-O Bf6 11. Qb3 Nb6 12. Rad1 Ne7 13. d5 Nf5 14.
Bc5 Re8 15. Rd2 Nd6 16. Bd4 Bxf3 17. Bxf3 Nbc4 18. Rdd1 Bg5 19. Qc2 Bf6 20.
Ne4 Bxd4 21. Rxd4 Ne5 22. Nd2 Nb5 23. Re4 Nxf3+ 24. Nxf3 Qxd5 25. Rh4 h6
26. Rd1 Qe6 27. a4 Nd6 28. Qxc7 Rac8 29. Qa5 Nc4 30. Qb4 a5 31. Qxb7 Qe2
32. Rhd4 Rb8 33. Qd7 Nxb2 34. R4d2 Qe4 35. Rd4 Qc2 36. Rf1 Qc8 37. Qd5 Qd8
38. Qf5 Qb6 39. Rf4 Qc7 40. Rg4 Re6 41. Nd4 Reb6 42. Qxa5 Nd3 43. Nf5 Nxf2
44. Rxg7+ Kh8 45. Qd2 Rf6 46. Qxf2 Rxf5 47. Qxf5 Kxg7 48. Qf6+ Kg8 49. Qxh6
Qa7+ 50. Kh1 Qxa4 51. Qg5+ Kf8 52. Qc5+ Kg8 53. Qc7 Qb3 54. h3 Rb6 55. Qd8+
Kg7 56. Qd4+ Kg8 57. Re1 Qb5 58. Re5 Qf1+ 59. Kh2 Rf6 60. Re8+ Kg7 61. Re4
Kh7 62. Rg4 Qf5 63. Qb2 Qf1 64. Qe5 Qf2 65. Qe4+ Rg6 66. Qb1 Qf6 67. Qe4
Qd6+ 68. Kg1 Qd1+ 69. Kh2 Qd2 70. Kg3 Qd6+ 71. Qf4 Qd3+ 72. Kh2 Rxg4 73.
Qxg4 Qd5 74. Kg3 Qd6+ 75. Kh4 Qf6+ 76. Qg5 Qf1 77. g4 Qf2+ 78. Kh5 Qf1 79.
h4 Qf2 80. Qe5 Qa2 81. Qf5+ Kg8 82. Qg5+ Kh7 83. Qf5+ Kg7 84. Qe5+ Kh7 85.
g5 Qc4 86. Qe7 Kg7 87. Qf6+ Kh7 88. Qf5+ Kg7 89. Qf6+ Kh7 90. g6+ fxg6+ 91.
Qxg6+ Kh8 92. Qf6+ Kh7 93. Qe7+ Kh8 94. Qe5+ Kh7 95. Qf5+ Kh8 96. Kg6 Qg8+
97. Kh6 Qg7+ 98. Kh5 1/2-1/2

[Event "9th Asian Continental w"]
[Site "Olongapo City PHI"]
[Date "2010.04.24"]
[Round "4"]
[White "Bernales,C"]
[Black "Xu Huahua"]
[Result "1-0"]
[WhiteElo "2043"]
[BlackElo "2082"]
[EventDate "2010.04.21"]

1. e4 c5 2. Nc3 Nc6 3. f4 g6 4. Nf3 Bg7 5. Bb5 Nd4 6. O-O Nxb5 7. Nxb5 a6
8. Nc3 b5 9. d3 d6 10. Kh1 e6 11. Qe1 b4 12. Ne2 Ne7 13. Qh4 O-O 14. Ng3 f5
15. Re1 Nc6 16. Qh3 Nd4 17. Nxd4 cxd4 18. Bd2 Rb8 19. Re2 fxe4 20. Nxe4 e5
21. Qg3 Bf5 22. Qe1 a5 23. fxe5 dxe5 24. Bg5 Qc7 25. Qh4 Bxe4 26. Qxe4 Qb7
27. Qh4 Rf5 28. Kg1 h6 29. Bd2 Qc6 30. Be1 Rh5 31. Qg4 Rg5 32. Qe4 Qd7 33.
Rf2 Rf5 34. g4 Rxf2 35. Bxf2 Rc8 36. Rc1 Qc6 37. Qxc6 Rxc6 38. Be1 h5 39.
g5 Kf7 40. Bd2 Ke6 41. Kg2 Bf8 42. Kf3 Kd5 43. Ke2 Be7 44. h4 Rc8 45. Be1
e4 46. dxe4+ Kxe4 47. Bg3 Rf8 48. Re1 Kd5 49. Rd1 Bc5 50. Bf2 Ke4 51. Rd3
a4 52. Bg3 Rf7 53. Bh2 Rf8 54. Bg1 Rf4 55. c3 a3 56. cxd4 axb2 57. Rb3 Rg4
58. Bf2 Bd6 59. Rxb2 Rg2 60. Rb3 Kd5 61. Rf3 Be7 62. Rf7 Ke6 63. Rf4 1-0

[Event "9th Asian Continental w"]
[Site "Olongapo City PHI"]
[Date "2010.04.24"]
[Round "4"]
[White "Mendoza,B"]
[Black "Suede,M"]
[Result "0-1"]
[WhiteElo "2078"]
[BlackElo "1949"]
[EventDate "2010.04.21"]

1. e4 e6 2. d3 d5 3. Nd2 c5 4. Ngf3 Bd6 5. g3 Ne7 6. Bg2 Nbc6 7. O-O O-O 8.
Re1 Bc7 9. Nf1 b6 10. b3 Bb7 11. exd5 exd5 12. d4 f6 13. Ba3 Bd6 14. Qe2
Qd7 15. Rad1 Rfe8 16. Qe6+ Qxe6 17. Rxe6 Rad8 18. Ree1 Kf7 19. Bh3 Bc8 20.
Bxc8 Rxc8 21. c4 dxc4 22. bxc4 Rcd8 23. d5 Ne5 24. Nxe5+ Bxe5 25. Ne3 Nc8
26. Re2 Bd4 27. Rd3 Nd6 28. Rc2 Bxe3 29. fxe3 Re4 30. Rdc3 Rde8 31. Bc1 h5
32. Kg2 g5 33. a4 h4 34. Bd2 Kg6 35. Bc1 hxg3 36. hxg3 Rg4 37. Kf3 Ree4 38.
a5 Rxc4 39. axb6 axb6 40. Bd2 Rxc3 41. Rxc3 Ra4 42. Rb3 b5 43. g4 f5 44.
gxf5+ Kxf5 45. Be1 b4 46. Rb2 Ne4 47. Bg3 Ra7 48. Be1 Rb7 49. Rb3 g4+ 50.
Kg2 Ke5 51. Bg3+ Nxg3 52. Kxg3 Kxd5 53. Kxg4 Ke4 54. Kg3 c4 55. Rb1 Kxe3
56. Re1+ Kd2 57. Re4 c3 58. Rd4+ Kc2 0-1

[Event "9th Asian Continental w"]
[Site "Olongapo City PHI"]
[Date "2010.04.24"]
[Round "4"]
[White "Muminova,N"]
[Black "Hoang Thi Nhu Y"]
[Result "1-0"]
[WhiteElo "2338"]
[BlackElo "2200"]
[EventDate "2010.04.21"]

1. e4 c6 2. d4 d5 3. Nd2 g6 4. Ngf3 Bg7 5. c3 dxe4 6. Nxe4 Qc7 7. Bc4 Bf5
8. Ng3 e6 9. Nxf5 gxf5 10. Qe2 Nf6 11. Ne5 Nd5 12. Bxd5 cxd5 13. Bf4 Qb6
14. Qh5 O-O 15. O-O f6 16. Nd3 Nd7 17. Rae1 Rae8 18. Re3 Rf7 19. Rfe1 Rfe7
20. Rg3 Nf8 21. Bh6 Qb5 22. Nf4 Qd7 23. Nxd5 Qxd5 24. Bxg7 f4 25. Bxf6+
fxg3 26. Qxd5 gxh2+ 27. Kxh2 exd5 28. Rxe7 Rxe7 29. Bxe7 Ng6 30. Bd6 Kf7
31. g4 Ke6 32. Bb8 a6 33. f4 Ne7 34. Be5 Nc6 35. Kg3 b5 36. f5+ Kf7 37. g5
b4 38. Kf4 a5 39. Bd6 bxc3 40. bxc3 a4 41. Bb4 Kg7 42. Kg4 Nd8 43. Kh5 Nc6
44. f6+ Kg8 45. g6 hxg6+ 46. Kxg6 1-0

[Event "9th Asian Continental w"]
[Site "Olongapo City PHI"]
[Date "2010.04.24"]
[Round "4"]
[White "Al Zarouni,K"]
[Black "Salvador,A"]
[Result "0-1"]
[WhiteElo "1868"]
[BlackElo "2058"]
[EventDate "2010.04.21"]

1. e4 e6 2. d3 d5 3. Nd2 Nf6 4. Ngf3 c5 5. g3 Nc6 6. Bg2 Be7 7. O-O O-O 8.
e5 Nd7 9. Re1 f6 10. exf6 Bxf6 11. Bh3 Nde5 12. Nxe5 Bxe5 13. Nf3 Qf6 14.
Nxe5 Nxe5 15. f4 Nc6 16. c3 e5 17. Bg2 Be6 18. Qb3 Qf7 19. Qc2 Bf5 20. Qb3
Rad8 21. fxe5 Bxd3 22. Bf4 c4 23. Qb5 h6 24. Qc5 Qe6 25. h4 b6 26. Qe3 d4
27. Qf3 Ne7 28. Qb7 Rd7 29. Qa6 Ng6 30. Bd2 Qf5 31. Qb7 Qf2+ 32. Kh1 Re7
33. Qd5+ Kh8 34. Bf4 Nxf4 35. gxf4 Qxh4+ 36. Kg1 dxc3 37. bxc3 Rxf4 38. Rf1
Bxf1 39. Rxf1 Rxf1+ 40. Kxf1 Qf4+ 41. Kg1 Rxe5 0-1

[Event "9th Asian Continental w"]
[Site "Olongapo City PHI"]
[Date "2010.04.25"]
[Round "5"]
[White "Wang Yu A"]
[Black "Kiran,M"]
[Result "1-0"]
[WhiteElo "2335"]
[BlackElo "2259"]
[EventDate "2010.04.21"]

1. e4 c5 2. Nf3 Nc6 3. d4 cxd4 4. Nxd4 Nf6 5. Nc3 d6 6. Be2 e5 7. Nf3 h6 8.
O-O Be7 9. Re1 O-O 10. h3 Be6 11. Bf1 Nb8 12. Na4 Qc7 13. b3 Qc6 14. Qd3
Nfd7 15. Ba3 Na6 16. Rad1 Nac5 17. Nxc5 Nxc5 18. Qe3 Rac8 19. c4 f5 20.
exf5 Bxf5 21. b4 Nd7 22. c5 dxc5 23. b5 Qc7 24. Nxe5 Nxe5 25. Qxe5 Qxe5 26.
Rxe5 Rc7 27. Rxe7 Rxe7 28. Bxc5 Rc7 29. Bxf8 Kxf8 30. a4 b6 31. g4 Be6 32.
Bg2 Bb3 33. Ra1 Rc5 34. Ra3 Bd1 35. Bf3 Bc2 36. Be2 Be4 37. f3 Bd5 38. Kf2
Rc2 39. Ke3 Bc4 40. Bd3 Bxd3 41. Kxd3 Rc5 42. Rc3 Rd5+ 43. Ke4 Rd7 44. h4
Kf7 45. h5 Ke7 46. f4 Kf7 47. g5 hxg5 48. fxg5 Re7+ 49. Kf5 Rd7 50. g6+ Ke7
51. Ke5 Rb7 52. Rc8 Rd7 53. h6 1-0

[Event "9th Asian Continental w"]
[Site "Olongapo City PHI"]
[Date "2010.04.25"]
[Round "5"]
[White "Sukandar,I"]
[Black "Pourkashiyan,A"]
[Result "0-1"]
[WhiteElo "2316"]
[BlackElo "2292"]
[EventDate "2010.04.21"]

1. e4 e5 2. d4 exd4 3. Nf3 Nc6 4. Nxd4 Bc5 5. Nxc6 Qf6 6. Qf3 bxc6 7. Nd2
d6 8. Nb3 Bb6 9. a4 a5 10. Bd2 Qxf3 11. gxf3 Ne7 12. h4 O-O 13. Rg1 f5 14.
Bg5 Ng6 15. O-O-O fxe4 16. fxe4 Bxf2 17. Bc4+ Kh8 18. Rg2 Bxh4 19. Bd2 Ne5
20. Be2 Be6 21. Nxa5 Rf2 22. Rxf2 Bxf2 23. Rf1 Bh4 24. Bc3 h6 25. b4 Bh3
26. Rd1 Bf6 27. Kb1 Bg2 28. Bxe5 Bxe5 29. Bd3 Bc3 30. Ka2 c5 31. Kb3 cxb4
32. Nc6 d5 33. e5 d4 34. Ne7 Re8 35. Ng6+ Kg8 36. Nf4 Bc6 37. Bc4+ Kh7 38.
Ne6 Ra8 39. a5 Kh8 40. a6 d3 41. Rxd3 Bxe5 42. Nd8 Be8 43. Nb7 g5 44. Kxb4
g4 45. Kc5 g3 46. Rd2 Bf4 47. Rg2 Be3+ 48. Kb4 Bf2 49. Na5 Bd7 0-1